000 00513nam a2200169 i 4500
001 143486
003 ES-MaACL
005 20230906200829.0
007 t|
008 070214s1914 fr |||| | fre d
100 1 _aSerrigny, Bernard.
_9105836
245 1 2 _aL'Evolution de l'Empire allemand de 1871 jusqu'áa nos jours /
_cBernard Serrigny.
260 _aTours :
_bE. Arrault,
_c1914.
300 _aVI, 330 p. ;
_c19 x 12 cm.
651 4 _aAlemania-
_xHistoria-
_y1871-1918.
_97660
852 _aES-MaACL
_jF-5864
999 _c143486
_d143486